000 00477nam a2200181Ia 4500
005 20240823010150.0
008 240823s9999||||xx |||||||||||||| ||und||
041 _aENGLISH
082 _A620.106 N9
100 _aSarkar B K
245 0 _aFluid Mechanics and HydraulicMachines through Practice and solved
250 _a1st
260 _c1999
_b"Allied,New Delhi"
500 _aYES
650 _aFluid Mechanics
_bAeronautical Engineering
942 _cBK
999 _c157839
_d157839